000 00934nmm a2200277 a 4500
001 ocm000940816
003 TR-IsHL
005 20201028150001.0
008 150110s2013 tu tur
007 cr cn
020 _a9786055218249
035 _a940816
_b(N$T)
050 0 4 _aDR592.L38
_bÜ54 2013
090 0 4 _aDR592.L38
_bÜ54 2013
100 1 _aÜlger, S. Eriş
245 1 0 _aZaferin gölgesinde Latife Hanım
_h[electronic resource] /
_cS. Eriş Ülger
260 _aİstanbul :
_bParaf Yayınları,
_c2013
300 _a353 p.
650 4 _aTarih
650 4 _aHistory
650 0 _aLatife Hanım, 1898-1975
650 0 _aCumhurbaşkanları eşleri
_x Türkiye
_x Biyografi
650 0 _aPresidents' spouses
_x Turkey
_x Biography
650 7 _aHISTORY / Middle East / Turkey & Ottoman Empire
_2bisacsh
856 4 0 _uhttp://search.ebscohost.com/login.aspx?direct=true&scope=site&db=e011xww&AN=940816
999 _c10233
_d10233